Ładuje się......

Molecular neurobiology : endocrine approaches, current topics in membranes and transport /

Opis bibliograficzny
Kolejni autorzy: Kleinzeller, A. (Redaktor)
Format: Printed Book
Język:English
Wydane: New York : Academic Press, 1987.
Hasła przedmiotowe:
LEADER 00584nam a2200145Ia 4500
008 160121b xxu||||| |||| 00| 0 eng d
020 |c USD 91 
082 |a 612.8  |2 23 
245 |a Molecular neurobiology :  |b  endocrine approaches, current topics in membranes and transport /  |c Edited By A. Kleinzeller 
260 |a New York :  |b Academic Press,  |c 1987. 
653 |a Nervous system 
700 |a Kleinzeller, A.  |e Editor 
942 |c BK 
999 |c 123388  |d 123388 
952 |0 0  |1 0  |4 0  |6 612_800000000000000_KLE_M  |7 0  |9 136591  |a LIF  |b LIF  |c ST1  |d 2009-08-02  |i 1210  |l 0  |o 612.8 KLE/M  |p LIF1210  |r 2009-08-02  |w 2009-08-02  |y BK